banner

Canales de distribución: (Registro nro. 266)

000 -LEADER
fixed length control field 01118nam a2200277 a 4500
003 - CONTROL NUMBER IDENTIFIER
control field AR-BaISA
005 - DATE AND TIME OF LATEST TRANSACTION
control field 20220513191642.0
007 - PHYSICAL DESCRIPTION FIXED FIELD--GENERAL INFORMATION
fixed length control field ta
008 - FIXED-LENGTH DATA ELEMENTS--GENERAL INFORMATION
fixed length control field 180530s2008 ag ad||| |||| 00| 0 spa d
020 ## - INTERNATIONAL STANDARD BOOK NUMBER
International Standard Book Number 9789871547012
040 ## - CATALOGING SOURCE
Transcribing agency AR-BaISA
082 04 - DEWEY DECIMAL CLASSIFICATION NUMBER
Edition number 22
Classification number 658.84 P298
100 10 - MAIN ENTRY--PERSONAL NAME
9 (RLIN) 644
Personal name Paz, Hugo Rodolfo
245 10 - TITLE STATEMENT
Title Canales de distribución:
Remainder of title gestión comercial y logística /
Statement of responsibility, etc. Hugo Rodolfo Paz
250 ## - EDITION STATEMENT
Edition statement 3ª ed.
260 ## - PUBLICATION, DISTRIBUTION, ETC.
Place of publication, distribution, etc. Buenos Aires:
Name of publisher, distributor, etc. Lectorum-Ugerman,
Date of publication, distribution, etc. 2008
300 ## - PHYSICAL DESCRIPTION
Extent 288 p.:
Other physical details il., graf.
490 1# - SERIES STATEMENT
Serie Estudios
504 ## - BIBLIOGRAPHY, ETC. NOTE
Bibliography, etc. note Bibliografía p: [287]-288
505 ## - FORMATTED CONTENTS NOTE
Title Conceptos generales --
-- Funciones, sistemas y flujos --
-- La intermediación comercial --
-- Diseño de canales de distribución --
-- Gestión de los canales de distribución --
-- Política de precios y márgenes en el canal --
-- La administración logística de la distribución --
-- Gestión de inventarios --
-- Transporte, almacenamiento y procesamiento de pedidos
650 14 - SUBJECT ADDED ENTRY--TOPICAL TERM
9 (RLIN) 646
Topical term or geographic name entry element Marketing
650 14 - SUBJECT ADDED ENTRY--TOPICAL TERM
9 (RLIN) 647
Topical term or geographic name entry element Logística
650 14 - SUBJECT ADDED ENTRY--TOPICAL TERM
9 (RLIN) 648
Topical term or geographic name entry element Cadenas de valor
830 #0 - SERIES ADDED ENTRY--UNIFORM TITLE
9 (RLIN) 645
Uniform title Estudios
942 ## - ADDED ENTRY ELEMENTS (KOHA)
Source of classification or shelving scheme
Koha item type Libros
Existencias
Withdrawn status Lost status Source of classification or shelving scheme Damaged status Not for loan Permanent Location Current Location Date acquired Inventory number Full call number Barcode Date last seen Price effective from Koha item type
          Biblioteca ISALUD. Dr. Néstor Rodríguez Campoamor Biblioteca ISALUD. Dr. Néstor Rodríguez Campoamor 2019-02-12 56 658.84 P298 56 2019-02-12 2019-02-12 Libros